000 00470nam a2200181Ia 4500
001 13512
005 20260306164806.0
008 260306t2007||||xx |||||||||||||| ||spa||
041 _aESP
082 _a004.6
_bG77 2007
100 _aGraziani, Rick
_eAUT
245 0 _aRouting protocols and concepts:
_bCCNA exploration companion guide
260 _c2007
300 _axxxiii, 606 páginas :
_c24 cm.
650 _aGEN
654 _aCCC
942 _cLIB
_dJUS
_fJUS
_2ddc
_n
999 _c13512
_d13512